<?xml version="1.0" encoding="UTF-8"?>
<record
    xmlns:xsi="http://www.w3.org/2001/XMLSchema-instance"
    xsi:schemaLocation="http://www.loc.gov/MARC21/slim http://www.loc.gov/standards/marcxml/schema/MARC21slim.xsd"
    xmlns="http://www.loc.gov/MARC21/slim">

  <leader>00435nam a22001697a 4500</leader>
  <datafield tag="999" ind1=" " ind2=" ">
    <subfield code="c">172371</subfield>
    <subfield code="d">172371</subfield>
  </datafield>
  <controlfield tag="005">20200317154112.0</controlfield>
  <datafield tag="010" ind1=" " ind2=" ">
    <subfield code="a">A-842639</subfield>
  </datafield>
  <datafield tag="020" ind1=" " ind2=" ">
    <subfield code="c">6.00</subfield>
  </datafield>
  <datafield tag="035" ind1=" " ind2=" ">
    <subfield code="a">A-842639</subfield>
  </datafield>
  <datafield tag="037" ind1=" " ind2=" ">
    <subfield code="b">BPPD/Pub.</subfield>
  </datafield>
  <datafield tag="082" ind1=" " ind2=" ">
    <subfield code="a">842</subfield>
  </datafield>
  <datafield tag="245" ind1=" " ind2=" ">
    <subfield code="a">&#x631;&#x648;&#x62D; &#x627;&#x62F;&#x628; &#x6A9;&#x6D2; &#x691;&#x631;&#x627;&#x645;&#x6D2; </subfield>
  </datafield>
  <datafield tag="246" ind1=" " ind2=" ">
    <subfield code="a">Rooh-e-Adab ke Drame</subfield>
  </datafield>
  <datafield tag="260" ind1=" " ind2=" ">
    <subfield code="a">-</subfield>
    <subfield code="b">Maghribi Bangal Urdu Academy</subfield>
    <subfield code="c">1987 &#x621;</subfield>
  </datafield>
  <datafield tag="300" ind1=" " ind2=" ">
    <subfield code="a">90p.</subfield>
    <subfield code="c">20cm(Hb)</subfield>
  </datafield>
  <datafield tag="942" ind1=" " ind2=" ">
    <subfield code="2">ddc</subfield>
    <subfield code="c">UR</subfield>
    <subfield code="h">842</subfield>
    <subfield code="m">&#x631; &#x648; &#x62D;</subfield>
  </datafield>
  <datafield tag="952" ind1=" " ind2=" ">
    <subfield code="0">0</subfield>
    <subfield code="1">0</subfield>
    <subfield code="4">0</subfield>
    <subfield code="7">0</subfield>
    <subfield code="8">NFIC</subfield>
    <subfield code="a">L</subfield>
    <subfield code="b">L</subfield>
    <subfield code="d">2020-02-04</subfield>
    <subfield code="e">BPPD/Ven.</subfield>
    <subfield code="g">6.00</subfield>
    <subfield code="l">0</subfield>
    <subfield code="o">842 &#x631; &#x648; &#x62D;</subfield>
    <subfield code="p">A-842639</subfield>
    <subfield code="r">2020-02-04 00:00:00</subfield>
    <subfield code="t">1</subfield>
    <subfield code="v">6.00</subfield>
    <subfield code="w">2020-02-04</subfield>
    <subfield code="y">UR</subfield>
  </datafield>
</record>
